000
00317nam a2200133Ia 4500
003
OSt
005
20240311162553.0
008
170523s9999 xx 000 0 und d
020
_a
978-9385965050
040
_c
IIMTU
100
_a
Sharma- R C
245
0
_a
Business correspondence and report writing
942
_2
ddc
_c
02
999
_c
11398
_d
11398